Normal view
MARC view
Entry Personal Name
001 - CONTROL NUMBER
- control field: 11932
003 - CONTROL NUMBER IDENTIFIER
- control field: OSt
005 - DATE AND TIME OF LATEST TRANSACTION
- control field: 20170323133546.0
008 - FIXED-LENGTH DATA ELEMENTS
- fixed length control field: 170323|| aca||aabn | a|a d
040 ## - CATALOGING SOURCE
- Original cataloging agency: OSt
- Transcribing agency: OSt
100 ## - HEADING--PERSONAL NAME
- Personal name: Philip, P. Gerbino
670 ## - SOURCE DATA FOUND
- Source citation: Work cat.: (OSt)3999: Philip, P. Gerbino, Remington: the science and practice of pharmacy, 2006
